000
00282nam a2200097Ia 4500
008
230907s9999||||xx |||||||||||||| ||und||
082
_a
523.7
_b
SOL
245
0
_a
Solar eruptions and energetic particles /
260
_a
American Geophysical Union,
_b
Washington, DC :
_c
2006
942
_c
BK
999
_c
599108
_d
599108